Online
Catalog

Estación del alba / (Record no. 5734)

MARC details
000 -CABECERA
campo de control de longitud fija 00905cam a2200253 a 4500
001 - NÚMERO DE CONTROL
campo de control 000005938
005 - FECHA Y HORA DE LA ÚLTIMA TRANSACCIÓN
campo de control 20200929151841.0
008 - DATOS DE LONGITUD FIJA--INFORMACIÓN GENERAL
campo de control de longitud fija 900803s1981 sp 001 p spa
020 ## - NÚMERO INTERNACIONAL ESTÁNDAR DEL LIBRO
Número Internacional Estándar del Libro 8400051238
040 ## - FUENTE DE LA CATALOGACIÓN
Centro catalogador/agencia de origen DO-SdBNP
Centro/agencia transcriptor DLC
Centro/agencia modificador DLC
082 ## - NÚMERO DE LA CLASIFICACIÓN DECIMAL DEWEY
Número de clasificación 861.64
Número de documento/Ítem C198e
100 1# - ENTRADA PRINCIPAL--NOMBRE DE PERSONA
Nombre de persona Campos Merino, Julián.
9 (RLIN) 16733
245 10 - MENCIÓN DE TÍTULO
Título Estación del alba /
Mención de responsabilidad, etc. Julián Campos Merino.
260 ## - PUBLICACIÓN, DISTRIBUCIÓN, ETC.
Lugar de publicación, distribución, etc. Zaragoza, España :
Nombre del editor, distribuidor, etc. Institución "Fernando el Católico",
Fecha de publicación, distribución, etc. 1981.
300 ## - DESCRIPCIÓN FÍSICA
Extensión 57 p. ;
Dimensiones 25 cm.
490 1# - MENCIÓN DE SERIE
Mención de serie "San Jorge"
Designación de volumen o secuencia vol. 28
490 1# - MENCIÓN DE SERIE
Mención de serie Publicación de la Institución "Fernando el Católico"
Designación de volumen o secuencia no. 855
586 ## - NOTA DE PREMIOS
Nota de premios Premio "San Jorge", 1981.
650 #4 - PUNTO DE ACCESO ADICIONAL DE MATERIA--TÉRMINO DE MATERIA
Término de materia o nombre geográfico como elemento de entrada Poesía española
9 (RLIN) 631
650 #4 - PUNTO DE ACCESO ADICIONAL DE MATERIA--TÉRMINO DE MATERIA
Término de materia o nombre geográfico como elemento de entrada Literatura española
Subdivisión cronológica SIGLO XXI
9 (RLIN) 4846
830 #0 - PUNTO DE ACCESO ADICIONAL DE SERIE-TÍTULO UNIFORME
Título uniforme "San Jorge" ;
Designación de volumen o secuencia vol. 28.
9 (RLIN) 14363
830 #0 - PUNTO DE ACCESO ADICIONAL DE SERIE-TÍTULO UNIFORME
Título uniforme Publicación de la Institución "Fernando el Católico"
Designación de volumen o secuencia no. 855.
9 (RLIN) 13716
910 ## - DATOS DE OPCIÓN DEL USUARIO (OCLC)
Datos de opción del usuario Catalogación por copia / LC
Holdings
Estado de retiro Estado de pérdida Restricciones de uso No para préstamo Código de colección Localización permanente Ubicación/localización actual Ubicación en estantería Fecha de adquisición Número de inventario Total de préstamos Signatura topográfica completa Código de barras Fecha visto por última vez Precio válido a partir de Tipo de ítem Koha
    Préstamo interno   Monografías: Libros y Folletos General General En catalogación 24.08.2009 LF1   861.64 C198e 5938-10 25.06.2020 25.06.2020 Préstamo interno

Powered by Koha